000 00592nam a2200181Ia 4500
008 090123s9999 xx 000 0 und d
082 _b8921
_a891.463/मंगेश
100 _aमंगेशकर गीता
245 _aपतिव्रता ण
250 _a1
260 _bबांदोडकर पब्लिशिंग हाऊस
_c1984
300 _a220
600 _aमंगेशकर गीता
630 _aपतिव्रता ण
700 _aमंगेशकर गीता
730 _aपतिव्रता ण
942 _cBOOK
999 _c46986
_d46986